| 000 | 00907nas a2200301 4500 | ||
|---|---|---|---|
| 001 | BR0904121 | ||
| 003 | BR-BrBNA | ||
| 005 | 20231205113245.0 | ||
| 007 | ta | ||
| 008 | 230509b bl.|||p| |||| 00| 00por d | ||
| 040 |
_aBR-BrBNA _bpor _cBiblioteca Nacional de Agricultura |
||
| 041 | _a(Pt) | ||
| 072 | _aQ54 | ||
| 100 | 1 | _aReis, A. de P. | |
| 100 | 1 | _aNicolau, E.S. | |
| 100 | 1 | _aMesquita, A.J. de | |
| 100 | 1 | _aSantos, K.R. de P. | |
| 100 | 1 | _aOliveira, F.H. de | |
| 100 | 1 | _aMaciel, I.B. | |
| 100 | 1 | _aSilva, E.B. da | |
| 245 | 1 | _aCaracterísticas físico-químicas do leite de éguas da raça Mangalarga Marchador | |
| 650 | _aEQUINO | ||
| 650 | _aLEITE | ||
| 650 | _aPROPRIEDADE FÍSICO-QUÍMICA | ||
| 773 | 0 |
_tCiência Animal Brasileira (Brazil) _xISSN 1518-2797 _g(Oct-Dec 2007), v. 8(4) p. 807-813 _wBR0904121 |
|
| 909 |
_a202311 _bLúcia _c55 _dLúcia Elande |
||
| 942 |
_2AGRIS _n0 _cANA |
||
| 999 |
_c202740 _d202740 |
||